American odyssey, 1607-1789 / (Record no. 109356)
[ view plain ]
| 000 -LEADER | |
|---|---|
| campo de control de longitud fija | 00821pam a2200277 a 4500 |
| 001 - NÚMERO DE CONTROL | |
| campo de control | 31517 |
| 005 - FECHA Y HORA DE LA ÚLTIMA TRANSACCIÓN | |
| campo de control | 20230411085924.0 |
| 008 - DATOS DE LONGITUD FIJA--INFORMACIÓN GENERAL | |
| campo de control de longitud fija | 830523s1984 njub b 001 0 eng |
| 035 ## - NÚMERO DE CONTROL DEL SISTEMA | |
| -- | (DLC) 83011040 |
| 035 ## - NÚMERO DE CONTROL DEL SISTEMA | |
| Número de control de sistema | 3768447 |
| 010 ## - NÚMERO DE CONTROL DE LA BIBLIOTECA DEL CONGRESO | |
| Número de control de LC | 83011040 |
| 020 ## - NÚMERO INTERNACIONAL ESTÁNDAR DEL LIBRO | |
| Número Internacional Estándar del Libro | 0130282332 (pbk.) |
| 040 ## - FUENTE DE CATALOGACIÓN | |
| Centro catalogador/agencia de origen | DLC |
| Centro/agencia transcriptor | DLC |
| Centro/agencia modificador | DLC |
| 043 ## - CÓDIGO DE ÁREA GEOGRÁFICA | |
| Código de área geográfica | n-us--- |
| -- | n------ |
| -- | s------ |
| 050 14 - SIGNATURA TOPOGRÁFICA DE LA BIBLIOTECA DEL CONGRESO | |
| Número de clasificación | E162 |
| Número de ítem | .L82 1984 |
| 082 00 - NÚMERO DE LA CLASIFICACIÓN DECIMAL DEWEY | |
| Número de clasificación | 973 |
| Número de edición | 19 |
| 100 1# - ENTRADA PRINCIPAL--NOMBRE DE PERSONA | |
| Nombre de persona | Lucas, Paul Robert. |
| 245 10 - MENCIÓN DEL TÍTULO | |
| Título | American odyssey, 1607-1789 / |
| Mención de responsabilidad, etc. | Paul Robert Lucas. |
| 260 ## - PUBLICACIÓN, DISTRIBUCIÓN, ETC. | |
| Lugar de publicación, distribución, etc. | Englewood Cliffs, N.J. : |
| Nombre del editor, distribuidor, etc. | Prentice-Hall, |
| Fecha de publicación, distribución, etc. | c1984. |
| 300 ## - DESCRIPCIÓN FÍSICA | |
| Extensión | xv, 311 p. : |
| Otras características físicas | maps ; |
| Dimensiones | 23 cm. |
| 504 ## - NOTA DE BIBLIOGRAFÍA, ETC. | |
| Nota de bibliografía, etc. | Bibliography: p. 274-295. |
| 500 ## - NOTA GENERAL | |
| Nota general | Includes index. |
| 651 #0 - PUNTO DE ACCESO ADICIONAL DE MATERIA--NOMBRE GEOGRÁFICO | |
| Nombre geográfico | United States |
| Subdivisión general | Civilization |
| Subdivisión cronológica | To 1783. |
| 651 #0 - PUNTO DE ACCESO ADICIONAL DE MATERIA--NOMBRE GEOGRÁFICO | |
| Nombre geográfico | America |
| Subdivisión general | Discovery and exploration. |
| 942 ## - ELEMENTOS DE ENTRADA SECUNDARIOS (KOHA) | |
| Fuente del sistema de clasificación o colocación | Clasificación de Library of Congress |
| Tipo de ítem Koha | |
| Estatus retirado | Estado de pérdida | Fuente del sistema de clasificación o colocación | Estado de daño | No para préstamo | Colección | Biblioteca de origen | Biblioteca actual | Ubicación en estantería | Fecha de adquisición | Signatura topográfica completa | Código de barras | Visto por última vez | Copia número | Tipo de ítem Koha |
|---|---|---|---|---|---|---|---|---|---|---|---|---|---|---|
| Clasificación de Library of Congress | Automatización y Procesos Técnicos | Biblioteca Juan Bosch | Biblioteca Juan Bosch | Automatización y Procesos Técnicos (1er. Piso) | 11/04/2023 | E162 .L82 1984 | 00000033055 | 17/02/2019 | 1 |
